00626 2200217 4500001002100000005001700021008004100038020001800079035002400097090002300121100002500144245008600169250001000255260002900265300002400294650002800318700002000346850001400366985000600380999002200386YOGYA-0209000005826220090227034344.0 ind  a979-7564-91-6 0010-020900000058262 a808.83bDye ClDEP aDYER, T.F. Thiselton aCerita hantu bule = ghost worldcT.F. Thiselton Dyer ; penyunting, Windy Afiyanti aCet.1 aYogyakartabDelphic2005 avii, 321 hlmc20 cm aCerita Hantu - Kumpulan aAfiyanti, Windy aYOPDYOG M a1 a2005-423 hCB-D.11